000 00637nam a2200241Ia 4500
003 OSt
005 20221007110131.0
006 a|||||r|||| 00| 0
007 ta
008 221006b |||||||| |||| 00| 0 eng d
024 _a20,446
037 _cTextual
040 _aLCO
_cLCO
_beng
041 _2eng
_aeng
082 _aZ1,9287, L0
100 _aDhokalia R.P
245 0 _aCodification of Public International Law
260 _aNewyork
_bManchester University Press USA
_c1970
300 _a367
650 _aINTERNATIONAL LAW
942 _hZ1,9287, L0
_cTEXL
999 _c1190009
_d1190009